Facultad de Derecho – Universidad Nacional de Mar del Plata

El Monitoreo de la Privación de Libertad de Niñas Niños y Adolescentes (Record no. 4563)

MARC details
000 -CABECERA
campo de control de longitud fija 00564nam a22001337a 4500
020 ## - NUMERO INTERNACIONAL NORMALIZADO PARA LIBROS (ISBN)
International Standard Book Number 9789872252267
080 ## - NUMERO DE CLASIFICACION DECIMAL UNIVERSAL (CDU)
Número de la Clasificación Decimal Universal 343.5 M 479
245 ## - MENCION DE TITULO
Título propiamente dicho El Monitoreo de la Privación de Libertad de Niñas Niños y Adolescentes
Parte restante del título buenas prácticas de la defensa pública
260 ## - PUBLICACION, DISTRIBUCION, ETC. (PIE DE IMPRENTA)
Lugar de publicación, distribución, etc. Buenos Aires
Nombre del editor, distribuidor, etc. Defensoría General de Nación- Unicef Argentina
Fecha de publicación, distribución, etc. 2012
300 ## - DESCRIPCION FISICA
Extensión 177 P.
Dimensiones 23 X 15 Cm.
650 ## - ASIENTO SECUNDARIO DE MATERIA - TERMINO TEMATICO
Subdivisión general criminología
-- minoridad
-- menores
-- Convención de derechos del niño
-- UNICEF
-- privación de libertad
-- Defensoría General de Nación
945 ## - INFORMACION DE PROCESAMIENTO LOCAL
Responsable de carga/modificación Celeste Delía
AAAA-MM-DD - Fecha de ingreso/modificación 2017-08-09
942 ## - ELEMENTOS AGREGADOS (KOHA)
Clasificación normalizada de Koha para alfabetizar _
Holdings
Retirado Perdido Fuente de clasificación Dañado No se presta Ubicación permanente Locación actual Estante o sala Fecha de adquisición Total préstamos Signatura topográfica Inventario Ultima fecha vista Fecha del precio Tipo de item de Koha
          Bib. Derecho Bib. Derecho Sala de Lectura 09/08/2017   343.5 M 479 203068 09/08/2017 09/08/2017 LIBRO (Consulta)

XHTML | CSS | ©Biblioteca Central - Dto. Tecnología de la Información - [ Con tecnología Koha ]